000 00429cam a2200181 4500
001 L134858
002 10143
008 060907n2006 000 0 eng u
020 _a0728204649
035 _a(Sirsi) u134858
100 _aBaum, Andrew
245 4 _aThe income approach to property valuation
250 _a5th ed.
260 _aEG Books
_c2006
350 _a35.00
520 _aSupersedes 4th edition.
942 _n0
999 _c105820
_d105820